SANSKRITI JANSANCHAR AUR BAZAR (Record no. 5317)

MARC details
000 -LEADER
fixed length control field 00374nam a22001577a 4500
005 - DATE AND TIME OF LATEST TRANSACTION
control field 20161024110259.0
008 - FIXED-LENGTH DATA ELEMENTS--GENERAL INFORMATION
fixed length control field 161024b xxu||||| |||| 00| 0 eng d
020 ## - INTERNATIONAL STANDARD BOOK NUMBER
ISBN 81-7138-119-7
041 ## - LANGUAGE CODE
Language code of text/sound track or separate title eng
100 ## - MAIN ENTRY--AUTHOR NAME
Personal name BHARDWAJ,NAND
245 ## - TITLE STATEMENT
Title SANSKRITI JANSANCHAR AUR BAZAR
260 ## - PUBLICATION, DISTRIBUTION, ETC. (IMPRINT)
Name of publisher SAMAYIK
300 ## - PHYSICAL DESCRIPTION
Number of Pages 207
650 ## - SUBJECT ADDED ENTRY--TOPICAL TERM
Topical Term MASS COM @JOURNASLIM
942 ## - ADDED ENTRY ELEMENTS (KOHA)
Koha item type Books
Holdings
Lost status Damaged status Home library Current library Shelving location Date acquired Source of acquisition Cost, normal purchase price Accession Number Koha item type
    JRU Library   SHELF-32-F 24/10/2016 Purchase 300.00 21448 Books
    JRU Library     24/10/2016 Purchase 300.00 21449 Books
    JRU Library   SHELF-32-F 24/10/2016 Purchase 300.00 21450 Books